PRACOVNOPRÁVNA ZODPOVEDNOSŤ

Bibliographic Details
Main Author: Škodler, Ondrej (Author)
Format: Article
Language:Slovak

MARC

LEADER 00000nab a2200000 a 4500
001 vtls010738403
003 SK-MaSNL
005 20260304193936.0
008 250709s2011 xo |||||||||||||||||slo|
035 |a (urnnbn)urn:nbn:sk:snk:ar-a05m5e 
035 |a (uuid)4d5b74e0-bfee-4f52-9ec6-8c84377d490b 
035 |a urn:nbn:sk:snk-ab3zcs 
040 |a SNKBUCL  |b slo  |c SNKBUCL  |e AACR2 
041 0 |a slo 
044 |a xo  |c SK 
100 1 |a Škodler, Ondrej  |4 aut  |9 845572 
245 1 0 |a PRACOVNOPRÁVNA ZODPOVEDNOSŤ  |c Ondrej Škodler 
773 0 |t Medikom : časopis Slovenskej lekárskej komory  |g Roč. 1, č. 2 (2011), s. 8-9 
850 |a Slovenská národná knižnica 
852 |a Slovenská národná knižnica 
954 |a odborná, vedecká literatúra pôvodná (slovenská)  |2 lita 
958 |a article1 
958 |a OND 
958 |a EUIPO 
999 |c 3070607  |d 3072537